English (Record no. 18382)
[ view plain ]
| 000 -LEADER | |
|---|---|
| fixed length control field | 00430nam a22001577a 4500 |
| 008 - FIXED-LENGTH DATA ELEMENTS--GENERAL INFORMATION | |
| fixed length control field | 200729b xxu||||| |||| 00| 0 eng d |
| 020 ## - INTERNATIONAL STANDARD BOOK NUMBER | |
| International Standard Book Number | 0815358305 |
| 050 ## - LIBRARY OF CONGRESS CALL NUMBER | |
| Classification number | PE1112 |
| Item number | .N45 2019 c.1 |
| 100 ## - MAIN ENTRY--PERSONAL NAME | |
| Personal name | Nelson, Gerald |
| 245 ## - TITLE STATEMENT | |
| Title | English |
| Remainder of title | An essential grammar |
| Statement of responsibility, etc. | Gerald Nelson |
| 250 ## - EDITION STATEMENT | |
| Edition statement | 3rd ed. |
| 260 ## - PUBLICATION, DISTRIBUTION, ETC. (IMPRINT) | |
| Place of publication, distribution, etc. | New York |
| Name of publisher, distributor, etc. | Routledge |
| Date of publication, distribution, etc. | 2019 |
| 300 ## - PHYSICAL DESCRIPTION | |
| Extent | xviii, 244p. |
| 650 ## - SUBJECT ADDED ENTRY--TOPICAL TERM | |
| Topical term or geographic name as entry element | English Language |
| Form subdivision | Grammar |
| 942 ## - ADDED ENTRY ELEMENTS (KOHA) | |
| Source of classification or shelving scheme | Library of Congress Classification |
| Koha item type | General Collection |
| Withdrawn status | Lost status | Source of classification or shelving scheme | Not for loan | Home library | Current library | Date acquired | Cost, normal purchase price | Total Checkouts | Full call number | Barcode | Date last seen | Date last checked out | Price effective from | Koha item type |
|---|---|---|---|---|---|---|---|---|---|---|---|---|---|---|
| Library of Congress Classification | Kabarak, Main Campus | Kabarak, Main Campus | 29/07/2020 | 3113.00 | 8 | PE1112 .N45 2019 c.1 | 028902 | 19/06/2025 | 27/03/2023 | 29/07/2020 | General Collection | |||
| Library of Congress Classification | Kabarak, Main Campus | Kabarak, Main Campus | 29/07/2020 | 3113.00 | 6 | PE1112 .N45 2019 c.2 | 028903 | 07/02/2024 | 23/01/2024 | 29/07/2020 | General Collection | |||
| Library of Congress Classification | Kabarak, Main Campus | Kabarak, Main Campus | 29/07/2020 | 3113.00 | 5 | PE1112 .N45 2019 c.3 | 028904 | 19/06/2025 | 24/02/2022 | 29/07/2020 | General Collection | |||
| Library of Congress Classification | Kabarak, Main Campus | Kabarak, Main Campus | 29/07/2020 | 3113.00 | 2 | PE1112 .N45 2019 c.4 | 028905 | 17/08/2022 | 01/08/2022 | 29/07/2020 | General Collection | |||
| Library of Congress Classification | Kabarak, Main Campus | Kabarak, Main Campus | 29/07/2020 | 3113.00 | 1 | PE1112 .N45 2019 c.5 | 028906 | 14/12/2021 | 22/11/2021 | 29/07/2020 | General Collection |